[Event "NAYCC U14 w"]
[Site "Kingston CAN"]
[Date "2019.08.19"]
[Round "9.146"]
[White "Sandoval Rivera, Alejandra"]
[Black "Wisniowski, Natalie"]
[Result "0-1"]
[WhiteElo "1530"]
[BlackElo "1901"]
[PlyCount "164"]
[EventDate "2019.08.16"]
[EventType "swiss"]
[EventRounds "9"]
[EventCountry "CAN"]

1. d4 d5 2. Bf4 Nf6 3. e3 c5 4. c3 Nc6 5. Nd2 Bf5 6. Ngf3 Qb6 7. Qb3 c4 8. Qxb6
axb6 9. a3 e6 10. Be2 b5 11. O-O h6 12. h3 Be7 13. Rfe1 g5 14. Bg3 Rg8 15. Ne5
Nxe5 16. Bxe5 Nd7 17. g4 Bg6 18. Bg3 Nb6 19. Rec1 Kd7 20. Bd1 Na4 21. Bxa4 Rxa4
22. Nf3 f6 23. Re1 Rga8 24. Rac1 Bd3 25. Nd2 Bd6 26. Bxd6 Kxd6 27. e4 e5 28.
dxe5+ fxe5 29. exd5 Rf8 30. f3 Ra6 31. Re3 Kxd5 32. Rce1 Re6 33. Kf2 Rf4 34.
Kg3 Kd6 35. Ne4+ Bxe4 36. Rxe4 Ref6 37. R1e3 Re6 38. Kf2 Ref6 39. Kg3 Rf8 40.
Kg2 Re8 41. Kg3 Rf7 42. Kg2 Rfe7 43. Re1 Kc6 44. Kf2 Kb6 45. R1e2 Ka5 46. Kg3
Ka4 47. Kf2 Kb3 48. Kg3 Rd7 49. h4 Rd5 50. hxg5 hxg5 51. Kh3 Rd3 52. Kg2 Rd1
53. Rxe5 Rxe5 54. Rxe5 Rd2+ 55. Kg3 Rxb2 56. Rxb5+ Kxc3 57. Rxg5 Kb3 58. Ra5 c3
59. Ra7 Ka2 60. Ra8 c2 61. Rc8 Kb1 62. g5 c1=Q 63. Rxc1+ Kxc1 64. Kf4 Rg2 65.
Kf5 b5 66. g6 Kb2 67. f4 Kxa3 68. Kf6 b4 69. g7 b3 70. Kf7 b2 71. g8=Q Rxg8 72.
Kxg8 b1=Q 73. Kg7 Qf5 74. Kh6 Qxf4+ 75. Kg6 Kb4 76. Kg7 Qf5 77. Kh6 Qg4 78. Kh7
Kc5 79. Kh8 Kd6 80. Kh7 Ke7 81. Kh8 Kf7 82. Kh7 Qh4# 0-1

[Event "NAYCC U14 w"]
[Site "Kingston CAN"]
[Date "2019.08.19"]
[Round "9.147"]
[White "Shen, Isamel"]
[Black "Parikh, Ananya"]
[Result "0-1"]
[WhiteElo "1542"]
[BlackElo "1625"]
[PlyCount "150"]
[EventDate "2019.08.16"]
[EventType "swiss"]
[EventRounds "9"]
[EventCountry "CAN"]

1. e4 c5 2. Nf3 e6 3. d4 cxd4 4. Nxd4 a6 5. Nc3 Qc7 6. Be2 b5 7. a3 Bb7 8. O-O
Nf6 9. Bd3 Nc6 10. Nde2 h6 11. Bf4 Bd6 12. Bxd6 Qxd6 13. f3 Rc8 14. Qe1 O-O 15.
Ng3 Ne5 16. Qe2 Nc4 17. Bxc4 Rxc4 18. Kh1 Qc7 19. Rad1 b4 20. axb4 Rxb4 21. Rb1
Rc4 22. Rfd1 Rc8 23. e5 Nd5 24. Nxd5 Bxd5 25. c3 Qb7 26. Qd3 a5 27. Nf5 exf5
28. Qxd5 Qxd5 29. Rxd5 Rb8 30. Rxa5 Rxc3 31. b4 Rxb4 32. Rd1 Rb2 33. h3 Rc7 34.
Rad5 Rbb7 35. Kg1 Kf8 36. Kf2 f4 37. g3 Rb2+ 38. R1d2 Rbc2 39. Rxc2 Rxc2+ 40.
Kg1 fxg3 41. Rxd7 Rf2 42. Rd3 Re2 43. f4 Rf2 44. Rxg3 Rxf4 45. Re3 Ke7 46. Kg2
Ke6 47. Kg3 Rf5 48. Kh4 Rxe5 49. Rg3 g6 50. Rf3 f5 51. Kg3 g5 52. Ra3 Kf6 53.
Rb3 f4+ 54. Kg4 Re3 55. Rxe3 fxe3 56. Kf3 e2 57. Kxe2 Kf5 58. Ke3 h5 59. Kf3
Ke5 60. Ke3 Kf5 61. Kf3 Ke5 62. Ke3 h4 63. Kf3 Kf5 64. Kg2 Ke4 65. Kf2 Kf4 66.
Kg2 Ke3 67. Kh1 Kf3 68. Kh2 Kf2 69. Kh1 Kg3 70. Kg1 Kxh3 71. Kh1 Kg3 72. Kg1 g4
73. Kh1 Kf2 74. Kh2 g3+ 75. Kh3 g2 0-1

[Event "NAYCC U14 w"]
[Site "Kingston CAN"]
[Date "2019.08.19"]
[Round "9.148"]
[White "Myrzaibraimova, Aibike"]
[Black "Qiao, Joey"]
[Result "0-1"]
[WhiteElo "1537"]
[BlackElo "1681"]
[PlyCount "62"]
[EventDate "2019.08.16"]
[EventType "swiss"]
[EventRounds "9"]
[EventCountry "CAN"]

1. e4 e5 2. Nf3 Nc6 3. Bc4 Bc5 4. b4 Bxb4 5. c3 Be7 6. Qb3 Na5 7. Bxf7+ Kf8 8.
Qa4 d6 9. Bxg8 c6 10. Bc4 b5 11. Bxb5 cxb5 12. Qxb5 Bd7 13. Qe2 Kf7 14. d4 Bf6
15. dxe5 dxe5 16. Nxe5+ Bxe5 17. Qh5+ Ke6 18. Qf5+ Kd6 19. Ba3+ Kc6 20. Qxe5
Rg8 21. Nd2 Qc7 22. Qd5+ Kb6 23. Rb1+ Ka6 24. Qd3+ Nc4 25. Qxc4+ Qxc4 26. Nxc4
Rac8 27. Nd2 Rxc3 28. Bb4 Rc2 29. Ra1 Bb5 30. a4 Bd3 31. Ra3 Rc1# 0-1

[Event "NAYCC U14 w"]
[Site "Kingston CAN"]
[Date "2019.08.19"]
[Round "9.149"]
[White "Liao, Yilin"]
[Black "D'Souza, Carina"]
[Result "0-1"]
[WhiteElo "1485"]
[BlackElo "1273"]
[PlyCount "142"]
[EventDate "2019.08.16"]
[EventType "swiss"]
[EventRounds "9"]
[EventCountry "CAN"]

1. e4 e5 2. Nf3 Nc6 3. Bc4 Bc5 4. c3 Nf6 5. d3 d6 6. h3 h6 7. O-O O-O 8. Re1
Re8 9. Be3 Bb6 10. Nbd2 Ne7 11. Nf1 Ng6 12. Ng3 c6 13. Bb3 Bxe3 14. fxe3 d5 15.
exd5 cxd5 16. e4 dxe4 17. Nxe4 Nxe4 18. dxe4 Qb6+ 19. Kh2 Nf4 20. Nh4 g5 21.
Nf3 Qf2 22. Qd2 Qxd2 23. Nxd2 Be6 24. Bxe6 Rxe6 25. Nf1 Rd6 26. Red1 Rad8 27.
Ne3 Rd2 28. Kh1 R8d3 29. Rxd2 Rxd2 30. Rc1 Rxb2 31. Rc2 Rxc2 32. Nxc2 Ne2 33.
Kh2 Nxc3 34. Kg3 Nxe4+ 35. Kf3 Nc3 36. a3 Kg7 37. Kg4 Kg6 38. h4 h5+ 39. Kg3 g4
40. Ne3 f5 41. Nc4 Ne4+ 42. Kh2 Kf6 43. Na5 b6 44. Nc6 a5 45. Nb8 Ke6 46. g3
Nc3 47. Kg2 Nb5 48. a4 Nc3 49. Nc6 Nxa4 50. Kf2 Nc5 51. Ke3 a4 52. Nb4 a3 53.
Na2 Ne4 54. Nb4 Nxg3 55. Kd3 f4 56. Na2 e4+ 57. Kd2 Ke5 58. Nb4 Kd4 59. Na2 e3+
60. Ke1 f3 61. Kd1 f2 62. Kc2 f1=Q 63. Nc3 Qf2+ 64. Kb3 Qb2+ 65. Ka4 Qc2+ 66.
Kxa3 Qxc3+ 67. Ka4 b5+ 68. Kxb5 Qc5+ 69. Ka4 Qb6 70. Ka3 Kc3 71. Ka4 Qb4# 0-1

[Event "NAYCC U14 w"]
[Site "Kingston CAN"]
[Date "2019.08.19"]
[Round "9.150"]
[White "Szeto, Sophie"]
[Black "Changkachith, Alyssa"]
[Result "1-0"]
[WhiteElo "1401"]
[BlackElo "1518"]
[PlyCount "125"]
[EventDate "2019.08.16"]
[EventType "swiss"]
[EventRounds "9"]
[EventCountry "CAN"]

1. e4 d6 2. d4 Nf6 3. Nc3 g6 4. Nf3 Bg7 5. Bc4 O-O 6. O-O Nbd7 7. e5 dxe5 8.
dxe5 Ng4 9. e6 Nde5 10. exf7+ Kh8 11. Nxe5 Nxe5 12. Bb3 Qxd1 13. Rxd1 c6 14.
Bg5 Bf6 15. Bxf6+ exf6 16. Rd6 Kg7 17. Ne4 Nxf7 18. Rd2 Re8 19. Bxf7 Rxe4 20.
Bb3 Bf5 21. f3 Re7 22. g4 Bc8 23. Kf2 b6 24. Rad1 Ba6 25. Rd7 Rae8 26. Kg3 c5
27. c3 Bb5 28. R7d6 Re2 29. R1d2 Rxd2 30. Rxd2 Re7 31. h4 h5 32. gxh5 gxh5 33.
Kf4 Re2 34. Rxe2 Bxe2 35. Bd5 Bd3 36. Be4 Bxe4 37. Kxe4 Kg6 38. c4 a6 39. a4
Kh6 40. Kf5 Kg7 41. Ke6 a5 42. b3 Kg6 43. f4 f5 44. Ke5 Kf7 45. Kxf5 Ke7 46.
Kg6 Kd6 47. f5 Ke5 48. f6 Kd4 49. f7 Kc3 50. f8=Q Kxb3 51. Qb8 Kxc4 52. Qxb6
Kd4 53. Qxa5 c4 54. Qd2+ Kc5 55. Qc3 Kd5 56. Kf5 Kc5 57. Ke5 Kb6 58. Qxc4 Kb7
59. Kd6 Kb8 60. Qc7+ Ka8 61. Qd7 Kb8 62. Kc6 Ka8 63. Qb7# 1-0

[Event "NAYCC U14 w"]
[Site "Kingston CAN"]
[Date "2019.08.19"]
[Round "9.151"]
[White "Wang, Sophia"]
[Black "Bilodeau-Savaria, Sandy-Rose"]
[Result "0-1"]
[WhiteElo "1151"]
[BlackElo "1436"]
[PlyCount "152"]
[EventDate "2019.08.16"]
[EventType "swiss"]
[EventRounds "9"]
[EventCountry "CAN"]

1. e4 c5 2. Nf3 e6 3. Nc3 Nc6 4. Bc4 Nf6 5. O-O d5 6. exd5 exd5 7. Bb5 Be7 8.
Ne5 Bd7 9. Nxd7 Qxd7 10. Ne2 a6 11. Bxc6 Qxc6 12. Ng3 O-O 13. Re1 Rfe8 14. Nf5
Qd7 15. Nxe7+ Rxe7 16. Rxe7 Qxe7 17. d3 Qe5 18. Bd2 Qxb2 19. Rb1 Qxa2 20. d4
Ne4 21. Rxb7 Nxd2 22. dxc5 h6 23. c6 Rc8 24. c7 Qc4 25. Qxd2 Rxc7 26. Rxc7 Qxc7
27. Qxd5 a5 28. Qb3 Qd7 29. g3 a4 30. Qb8+ Kh7 31. c4 Qd1+ 32. Kg2 Qb3 33. Qb5
Qc2 34. Qb4 Qb3 35. Qb5 Qc2 36. Qb4 Qa2 37. c5 Qd5+ 38. Kh3 Qa8 39. Qb1+ Kg8
40. Qc1 Qc8+ 41. Kg2 Qc6+ 42. Kh3 Kf8 43. Kg4 Ke7 44. Kf4 Qf6+ 45. Ke3 Qg5+ 46.
f4 Qd5 47. Qc2 Qc6 48. Kd4 Kd7 49. Qf5+ Qe6 50. Qc2 Qc6 51. Qf5+ Ke7 52. Qe5+
Qe6 53. Qxg7 a3 54. c6 Qxc6 55. Qe5+ Qe6 56. Qa5 a2 57. Kc3 Qf6+ 58. Kc2 a1=Q
59. Qc7+ Kf8 60. Qc5+ Kg7 61. Qe5 Qfxe5 62. fxe5 Qxe5 63. Kd3 Kf6 64. Kc4 Ke6
65. Kb4 Qd5 66. Kc3 Ke5 67. Kc2 Qd4 68. Kc1 Ke4 69. Kc2 Qd3+ 70. Kb2 Kd4 71.
Kc1 Ke3 72. Kb2 Kd2 73. h4 Qc3+ 74. Kb1 Kd3 75. Ka2 Kc2 76. g4 Qb2# 0-1

[Event "NAYCC U14 w"]
[Site "Kingston CAN"]
[Date "2019.08.19"]
[Round "9.152"]
[White "He, Jiaqi"]
[Black "Lucero, Amalie"]
[Result "1-0"]
[WhiteElo "1483"]
[BlackElo "1051"]
[PlyCount "65"]
[EventDate "2019.08.16"]
[EventType "swiss"]
[EventRounds "9"]
[EventCountry "CAN"]

1. e4 e5 2. Nf3 Nc6 3. Bc4 Nf6 4. d3 h6 5. O-O Na5 6. Bb3 Nxb3 7. axb3 Bc5 8.
Nxe5 d6 9. Nf3 O-O 10. h3 c6 11. c3 d5 12. e5 Nd7 13. d4 Bb6 14. Re1 Re8 15.
Bf4 f6 16. Nbd2 fxe5 17. Nxe5 Nxe5 18. Bxe5 Qg5 19. Re3 Qe7 20. Rg3 g5 21. Qc2
Qe6 22. Nf3 Bd8 23. Re1 Qf7 24. Rf1 Bf5 25. Qd1 Qg6 26. Nh4 Qh7 27. Nxf5 Qxf5
28. h4 Kf7 29. Rf3 Ke6 30. Rxf5 Kxf5 31. hxg5 hxg5 32. Qh5 Ke6 33. Qxe8+ 1-0

[Event "NAYCC U16"]
[Site "Kingston CAN"]
[Date "2019.08.16"]
[Round "1.153"]
[White "Ju, Lawrence"]
[Black "Zhao, Ian"]
[Result "0-1"]
[WhiteElo "1764"]
[BlackElo "2210"]
[PlyCount "76"]
[EventDate "2019.08.16"]
[EventType "swiss"]
[EventRounds "9"]
[EventCountry "CAN"]

1. d4 Nf6 2. c4 e6 3. Nc3 Bb4 4. Nf3 d5 5. Qc2 c5 6. g3 Bxc3+ 7. Qxc3 Ne4 8.
Qc2 Nc6 9. e3 O-O 10. Bd3 f5 11. O-O cxd4 12. exd4 Qf6 13. cxd5 exd5 14. b4
Nxd4 15. Nxd4 Qxd4 16. Be3 Qf6 17. f3 Ng5 18. Bc5 Re8 19. Bb5 Rd8 20. Rfe1 Ne6
21. Bf2 Bd7 22. Bxd7 Rxd7 23. Rad1 Nc7 24. Bd4 Qf7 25. Re5 g6 26. Qc5 b6 27.
Qc6 Rad8 28. Rc1 Ne8 29. Rce1 Ng7 30. R5e3 f4 31. R3e2 Nf5 32. Bf6 Rf8 33. Bb2
Rd6 34. Qc3 d4 35. Qd3 Rfd8 36. Qb5 Ne3 37. Bc1 d3 38. Rxe3 fxe3 0-1

[Event "NAYCC U16"]
[Site "Kingston CAN"]
[Date "2019.08.16"]
[Round "1.154"]
[White "Rodrigue-Lemieux, Shawn"]
[Black "Du, Daniel"]
[Result "1-0"]
[WhiteElo "2199"]
[BlackElo "1696"]
[PlyCount "51"]
[EventDate "2019.08.16"]
[EventType "swiss"]
[EventRounds "9"]
[EventCountry "CAN"]

1. a3 d5 2. Nf3 Nf6 3. e3 Bf5 4. c4 e6 5. Nc3 c5 6. cxd5 exd5 7. d4 Nc6 8. Be2
a6 9. O-O Bd6 10. dxc5 Bxc5 11. b4 Ba7 12. b5 axb5 13. Nxb5 Bb6 14. Bb2 Be6 15.
Bxf6 Qxf6 16. Nd6+ Ke7 17. Rb1 Kxd6 18. Rxb6 Kc7 19. Qb3 Rhb8 20. Rb1 Na5 21.
Qb4 Qd8 22. Qc5+ Nc6 23. Nd4 Qf8 24. Rxb7+ Rxb7 25. Qxc6+ Kd8 26. Rxb7 1-0

[Event "NAYCC U16"]
[Site "Kingston CAN"]
[Date "2019.07.16"]
[Round "1.155"]
[White "Liao, Joseph"]
[Black "Shlyakhtenko, Robert"]
[Result "0-1"]
[WhiteElo "1694"]
[BlackElo "2196"]
[PlyCount "86"]
[EventDate "2019.08.16"]
[EventType "swiss"]
[EventRounds "9"]
[EventCountry "CAN"]

1. e4 Nf6 2. e5 Nd5 3. c4 Nb6 4. d4 d6 5. exd6 cxd6 6. Nc3 g6 7. Be3 Bg7 8. Rc1
O-O 9. h3 d5 10. cxd5 Nxd5 11. Nf3 Nc6 12. Bc4 Be6 13. Nxd5 Bxd5 14. Bxd5 Qxd5
15. b3 Qa5+ 16. Qd2 Qxd2+ 17. Kxd2 Rfd8 18. Ke2 a5 19. Rc4 e6 20. Rd1 Nb4 21.
a3 Nd5 22. Rdc1 Bf8 23. a4 h6 24. Nd2 f5 25. Nf3 Kg7 26. Ne5 Bd6 27. Bxh6+ Kxh6
28. Nf7+ Kg7 29. Nxd8 Rxd8 30. Rc8 Rd7 31. Ra8 Bc7 32. g3 Ne7 33. Rc5 Nc6 34.
Rc3 Bb6 35. g4 Bxd4 36. Rc1 f4 37. h4 e5 38. f3 Be3 39. Rd1 Nd4+ 40. Kf1 Rc7
41. Rxa5 Rc2 42. Rxe5 Rf2+ 43. Kg1 Nxf3+ 0-1

[Event "NAYCC U16"]
[Site "Kingston CAN"]
[Date "2019.08.16"]
[Round "1.156"]
[White "Yang, Kevin"]
[Black "Yang, Brian"]
[Result "1-0"]
[WhiteElo "2164"]
[BlackElo "1626"]
[PlyCount "83"]
[EventDate "2019.08.16"]
[EventType "swiss"]
[EventRounds "9"]
[EventCountry "CAN"]

1. Nf3 c5 2. c4 Nc6 3. Nc3 g6 4. g3 Bg7 5. Bg2 e6 6. h4 h6 7. d3 Nge7 8. Bd2 d5
9. cxd5 exd5 10. Qc1 Be6 11. O-O Rc8 12. Bf4 a6 13. Na4 Nd4 14. Qd2 b5 15. Nc3
b4 16. Nd1 Nb5 17. d4 Nxd4 18. Nxd4 Bxd4 19. Bxh6 Nf5 20. Bf4 a5 21. Ne3 Ne7
22. Rac1 Qb6 23. Rfd1 O-O 24. Bf3 Rfd8 25. Ng4 Nc6 26. Bg5 c4 27. e3 Bg7 28.
Nf6+ Kh8 29. Nxd5 Bxd5 30. Bxd5 c3 31. bxc3 bxc3 32. Qe2 Rd7 33. h5 Nb4 34. Bb3
Rxd1+ 35. Qxd1 Qc5 36. Qg4 c2 37. hxg6 Kg8 38. gxf7+ Kf8 39. Qd7 Rb8 40. Bf4
Be5 41. Qf5 Rb5 42. Bxe5 1-0

[Event "NAYCC U16"]
[Site "Kingston CAN"]
[Date "2019.08.16"]
[Round "1.157"]
[White "Parsheh, Arshia"]
[Black "Chen, Benjamin"]
[Result "0-1"]
[WhiteElo "1608"]
[BlackElo "1972"]
[PlyCount "80"]
[EventDate "2019.08.16"]
[EventType "swiss"]
[EventRounds "9"]
[EventCountry "CAN"]

1. d4 d5 2. c4 e6 3. Nc3 Bb4 4. Nf3 Nf6 5. Bg5 h6 6. Bh4 dxc4 7. e3 b5 8. a4 c6
9. Qc2 Nbd7 10. Be2 Bb7 11. O-O a6 12. Ne5 Be7 13. f4 Nd5 14. Bxe7 Qxe7 15. Rf3
N7f6 16. Rg3 O-O 17. Rf1 Nxc3 18. bxc3 c5 19. Bf3 cxd4 20. exd4 Rac8 21. f5
Bxf3 22. Rfxf3 exf5 23. Qxf5 Nh7 24. Ng4 Kh8 25. axb5 axb5 26. Qxb5 f6 27. Re3
Qc7 28. Nf2 Rb8 29. Qf5 Rb2 30. Nh3 Ra8 31. Ref3 Ra5 32. d5 Qb6+ 33. Kh1 Ra1+
34. Rf1 Rxf1+ 35. Qxf1 Rb1 36. Qxb1 Qxb1+ 37. Ng1 Ng5 38. Rg4 Ne4 39. Rf4 Qe1
40. h3 Nxc3 0-1

[Event "NAYCC U16"]
[Site "Kingston CAN"]
[Date "2019.08.16"]
[Round "1.158"]
[White "Liang, Dustin"]
[Black "Wang, Elon"]
[Result "1-0"]
[WhiteElo "1885"]
[BlackElo "1601"]
[PlyCount "83"]
[EventDate "2019.08.16"]
[EventType "swiss"]
[EventRounds "9"]
[EventCountry "CAN"]

1. e4 d6 2. d4 Nf6 3. Nc3 g6 4. Nf3 Bg7 5. Be2 O-O 6. O-O c5 7. h3 cxd4 8. Nxd4
Nc6 9. Be3 d5 10. exd5 Nxd5 11. Nxd5 Nxd4 12. Bxd4 Qxd5 13. Bxg7 Qxd1 14. Raxd1
Kxg7 15. Bf3 Bf5 16. Rd2 Rad8 17. Rfd1 Rxd2 18. Rxd2 e5 19. c3 b6 20. Kf1 Kf6
21. Ke2 Ke7 22. Ke3 Rd8 23. Bd5 Be6 24. Ke4 f6 25. c4 Bxd5+ 26. Rxd5 Rxd5 27.
Kxd5 Kd7 28. b4 a5 29. bxa5 bxa5 30. Kc5 f5 31. Kb5 e4 32. Kxa5 f4 33. Kb4 Kc6
34. Kc3 Kc5 35. h4 h6 36. a4 g5 37. hxg5 hxg5 38. a5 g4 39. Kd2 Kc6 40. Ke2 Kb7
41. c5 Kb8 42. g3 1-0

[Event "NAYCC U16"]
[Site "Kingston CAN"]
[Date "2019.08.26"]
[Round "1.159"]
[White "Ramesh, Sanjay"]
[Black "Chen, Alex"]
[Result "1-0"]
[WhiteElo "1531"]
[BlackElo "2034"]
[PlyCount "71"]
[EventDate "2019.08.16"]
[EventType "swiss"]
[EventRounds "9"]
[EventCountry "CAN"]

1. d4 Nf6 2. c4 e6 3. Nc3 Bb4 4. Qc2 b6 5. Nf3 Bb7 6. Bg5 O-O 7. e3 d6 8. Bd3
h6 9. Bh4 Qe7 10. O-O Bxc3 11. Qxc3 Nbd7 12. b4 c5 13. Rfe1 Bxf3 14. gxf3 g5
15. Bg3 Nh5 16. bxc5 bxc5 17. Rab1 f5 18. h3 f4 19. Bh2 fxe3 20. Rxe3 Qf6 21.
Qe1 Qxd4 22. Rd1 Qh4 23. Rxe6 Nf4 24. Bxf4 gxf4 25. Qe4 Nf6 26. Rxf6 Rxf6 27.
Qxa8+ Kg7 28. Re1 Rf7 29. Qe4 Kg8 30. Qg6+ Kf8 31. Rb1 Qd8 32. Kh2 Rf6 33. Qg4
Qc7 34. Be4 Qd8 35. Rb7 Rf7 36. Rxf7+ 1-0

[Event "NAYCC U16"]
[Site "Kingston CAN"]
[Date "2019.08.16"]
[Round "1.160"]
[White "Idnani, Roshan"]
[Black "Ning, Alwin"]
[Result "1-0"]
[WhiteElo "2034"]
[BlackElo "1476"]
[PlyCount "63"]
[EventDate "2019.08.16"]
[EventType "swiss"]
[EventRounds "9"]
[EventCountry "CAN"]

1. e4 e5 2. Nf3 Nc6 3. d4 exd4 4. Nxd4 Bc5 5. Nb3 Bb6 6. Nc3 Nf6 7. Qe2 d6 8.
Bg5 Nd4 9. Qd2 Nxb3 10. axb3 h6 11. Be3 Bxe3 12. Qxe3 a6 13. O-O-O Qe7 14. f3
Bd7 15. g4 a5 16. h4 a4 17. bxa4 Bxa4 18. Nxa4 O-O 19. Nc3 Ra1+ 20. Kd2 Rxd1+
21. Kxd1 d5 22. g5 d4 23. gxf6 Qxf6 24. Nd5 dxe3 25. Nxf6+ gxf6 26. Bd3 Rd8 27.
Ke2 Kf8 28. Kxe3 Ke7 29. Rg1 Rh8 30. Kf4 c6 31. Kf5 b5 32. Ra1 1-0

[Event "NAYCC U16"]
[Site "Kingston CAN"]
[Date "2019.08.16"]
[Round "1.161"]
[White "Bilodeau-Savaria, Carl-William"]
[Black "Yang, Fan"]
[Result "0-1"]
[WhiteElo "1447"]
[BlackElo "2012"]
[PlyCount "78"]
[EventDate "2019.08.16"]
[EventType "swiss"]
[EventRounds "9"]
[EventCountry "CAN"]

1. d4 d5 2. c4 e6 3. Nf3 Nf6 4. Nc3 b6 5. Bg5 Be7 6. e3 Bb7 7. Be2 Nbd7 8. O-O
h6 9. Bh4 O-O 10. Rc1 a6 11. a3 dxc4 12. Bxc4 c5 13. Qe2 Nd5 14. Bg3 N7f6 15.
Rfd1 Nxc3 16. Rxc3 Ne4 17. Rc2 Nxg3 18. hxg3 Qc7 19. dxc5 bxc5 20. Nd2 Rfd8 21.
Rdc1 Qb6 22. Bd3 Qd6 23. Be4 Bd5 24. Bxd5 exd5 25. e4 Qc6 26. Qf3 d4 27. Qd3
Rac8 28. Nb3 Qb6 29. Rc4 Rc7 30. R1c2 Rf8 31. Nc1 Rb8 32. Ne2 Rcb7 33. Nc1 Qe6
34. Qe2 Rxb2 35. Rxc5 Bxc5 36. Rxb2 Rxb2 37. Qxb2 Qxe4 38. Nb3 Ba7 39. Qd2 Qb1+
0-1

[Event "NAYCC U16"]
[Site "Kingston CAN"]
[Date "2019.08.16"]
[Round "1.162"]
[White "Wang, Henry"]
[Black "Jeyakumar, Yathushan"]
[Result "1-0"]
[WhiteElo "2001"]
[BlackElo "1442"]
[PlyCount "105"]
[EventDate "2019.08.16"]
[EventType "swiss"]
[EventRounds "9"]
[EventCountry "CAN"]

1. c4 Nf6 2. g3 d6 3. Bg2 g6 4. b3 Bg7 5. Bb2 c6 6. Nf3 Bf5 7. d3 d5 8. O-O O-O
9. Nbd2 Nbd7 10. Nd4 Be6 11. Nxe6 fxe6 12. Bh3 Kf7 13. Nf3 h6 14. Nd4 Nc5 15.
b4 e5 16. Nf3 Ncd7 17. Nxe5+ Nxe5 18. Bxe5 Nd7 19. Bxg7 Kxg7 20. Qc2 Nf6 21.
cxd5 cxd5 22. Rac1 Qb6 23. Qc5 Qxc5 24. Rxc5 Kf7 25. Rc7 Rab8 26. Rfc1 Ne8 27.
Rc8 Rxc8 28. Rxc8 e6 29. Rb8 Nd6 30. Bxe6+ Ke7 31. Rxf8 Kxf8 32. Bxd5 b6 33. e4
Ke7 34. f4 Nb5 35. e5 g5 36. f5 Nc3 37. f6+ Kf8 38. Bb3 Ne2+ 39. Kf2 Nd4 40.
Ke3 Nc6 41. e6 Nxb4 42. e7+ Ke8 43. Ba4+ Kf7 44. e8=Q+ Kxf6 45. Qf8+ Ke6 46.
Qxb4 h5 47. Bb3+ Kf6 48. Qd6+ Kg7 49. Qe5+ Kh6 50. Qf6+ Kh7 51. Bf7 h4 52. Qg6+
Kh8 53. Qh6# 1-0

[Event "NAYCC U16"]
[Site "Kingston CAN"]
[Date "2019.08.16"]
[Round "1.163"]
[White "Cao, Bruce"]
[Black "Vasic, Maxim"]
[Result "1-0"]
[WhiteElo "1359"]
[BlackElo "1862"]
[PlyCount "31"]
[EventDate "2019.08.16"]
[EventType "swiss"]
[EventRounds "9"]
[EventCountry "CAN"]

1. e4 e5 2. Nf3 Nc6 3. Bc4 Bc5 4. b4 Bxb4 5. c3 Ba5 6. O-O Nf6 7. Qb3 O-O 8. d4
Nxe4 9. Re1 d5 10. Bxd5 Nf6 11. Bxc6 bxc6 12. Nxe5 Nd5 13. Rd1 Bf5 14. Qa3 Qb8
15. Qxa5 Bxb1 16. c4 1-0

[Event "NAYCC U16"]
[Site "Kingston CAN"]
[Date "2019.08.16"]
[Round "1.164"]
[White "Chin, Jonathan"]
[Black "Mart, Aidan"]
[Result "1/2-1/2"]
[WhiteElo "1921"]
[BlackElo "1247"]
[PlyCount "36"]
[EventDate "2019.08.16"]
[EventType "swiss"]
[EventRounds "9"]
[EventCountry "CAN"]

1. e4 e5 2. Nf3 Nc6 3. Bc4 Bc5 4. O-O Nf6 5. d3 O-O 6. h3 d6 7. c3 Re8 8. Re1
d5 9. exd5 Nxd5 10. b4 Bf8 11. Qb3 Be6 12. Nxe5 Nxe5 13. Rxe5 Bd6 14. Re4 c6
15. Na3 b5 16. Nxb5 cxb5 17. Bxb5 Nf6 18. Qc2 Nxe4 1/2-1/2

[Event "NAYCC U16"]
[Site "Kingston CAN"]
[Date "2019.08.16"]
[Round "1.165"]
[White "Wang, Collin"]
[Black "Surya, Benito"]
[Result "0-1"]
[WhiteElo "1229"]
[BlackElo "1920"]
[PlyCount "50"]
[EventDate "2019.08.16"]
[EventType "swiss"]
[EventRounds "9"]
[EventCountry "CAN"]

1. e4 d5 2. exd5 Qxd5 3. Nc3 Qa5 4. Nf3 Nf6 5. Bc4 Bg4 6. d4 Nc6 7. Bd2 Qf5 8.
Bb5 O-O-O 9. Bxc6 Qe6+ 10. Be3 Qxc6 11. h3 Bxf3 12. Qxf3 Qxf3 13. gxf3 e6 14.
a3 Nd5 15. Nxd5 Rxd5 16. O-O-O Rf5 17. f4 Bd6 18. Rhg1 g6 19. Rg4 h5 20. Rh4
Be7 21. d5 Bxh4 22. dxe6 fxe6 23. Rg1 Rg8 24. Kd1 Be7 25. Ke2 Bd6 0-1

[Event "NAYCC U16"]
[Site "Kingston CAN"]
[Date "2019.08.16"]
[Round "1.166"]
[White "Maycock Bates, David Henry"]
[Black "Pride, Curtis"]
[Result "1-0"]
[WhiteElo "1851"]
[BlackElo "1163"]
[PlyCount "69"]
[EventDate "2019.08.16"]
[EventType "swiss"]
[EventRounds "9"]
[EventCountry "CAN"]

1. e4 e5 2. Nf3 Nc6 3. Bb5 Bc5 4. O-O h6 5. Bxc6 dxc6 6. Nxe5 Be6 7. c3 f6 8.
Qh5+ Ke7 9. Ng6+ Kd7 10. Nxh8 Bd6 11. d4 Qe8 12. Qxe8+ Rxe8 13. Ng6 Bf7 14. Nh4
Rxe4 15. Nf5 g6 16. Nxd6 cxd6 17. Nd2 Re8 18. Nf3 Bc4 19. Re1 Be2 20. Bf4 g5
21. Bg3 h5 22. h4 Bxf3 23. Rxe8 Kxe8 24. gxf3 d5 25. hxg5 fxg5 26. Re1+ Kd7 27.
Re5 h4 28. Rxg5 hxg3 29. Rxg8 gxf2+ 30. Kxf2 Ke6 31. Ke3 b5 32. Kf4 Kf7 33. Rc8
a5 34. Rxc6 Ke7 35. Ke5 1-0

[Event "NAYCC U16"]
[Site "Kingston CAN"]
[Date "2019.08.16"]
[Round "1.167"]
[White "Lam, Eric"]
[Black "Xiao, Edward"]
[Result "0-1"]
[WhiteElo "1093"]
[BlackElo "1831"]
[PlyCount "66"]
[EventDate "2019.08.16"]
[EventType "swiss"]
[EventRounds "9"]
[EventCountry "CAN"]

1. d4 d5 2. Bf4 Nf6 3. Nf3 Nbd7 4. e3 e6 5. Nbd2 Be7 6. Bd3 b6 7. h3 Bb7 8. O-O
Ne4 9. Ne5 Nxd2 10. Qxd2 Nxe5 11. Bxe5 O-O 12. Bh2 Bd6 13. f4 f5 14. g4 c5 15.
c3 a5 16. a4 Ba6 17. Bxa6 Rxa6 18. b3 Ra7 19. g5 Rc7 20. Bg3 Rc6 21. Rfc1 Qc7
22. c4 Rc8 23. Rc2 dxc4 24. Rxc4 cxd4 25. Qxd4 Rxc4 26. bxc4 Bc5 27. Qd3 Rd8
28. Qb3 Qd7 29. Bf2 Qd3 30. Rb1 Qxb3 31. Rxb3 Rd1+ 32. Kg2 Ra1 33. e4 Ra2 0-1

[Event "NAYCC U16"]
[Site "Kingston CAN"]
[Date "2019.08.16"]
[Round "1.168"]
[White "Chen, Andrew"]
[Black "Vigil, Enrique"]
[Result "1-0"]
[WhiteElo "1796"]
[BlackElo "1003"]
[PlyCount "45"]
[EventDate "2019.08.16"]
[EventType "swiss"]
[EventRounds "9"]
[EventCountry "CAN"]

1. e4 c5 2. Nc3 d6 3. g3 Nf6 4. Bg2 g6 5. d3 Bg7 6. Nge2 Nc6 7. f4 Nd4 8. O-O
e5 9. h3 h5 10. fxe5 dxe5 11. Bg5 Qb6 12. Bxf6 Bxf6 13. Nd5 Nxe2+ 14. Qxe2 Qxb2
15. Nxf6+ Kf8 16. Qf2 Ke7 17. Nd5+ Kd8 18. Qf6+ Kd7 19. Qe7+ Kc6 20. Rf6+ Be6
21. Qc7+ Kb5 22. Qxb7+ Ka4 23. Qa6# 1-0

[Event "NAYCC U16"]
[Site "Kingston CAN"]
[Date "2019.08.16"]
[Round "1.169"]
[White "Wang, Alex"]
[Black "Wei, Daniel"]
[Result "1/2-1/2"]
[WhiteElo "770"]
[BlackElo "1788"]
[PlyCount "71"]
[EventDate "2019.08.16"]
[EventType "swiss"]
[EventRounds "9"]
[EventCountry "CAN"]

1. e4 c5 2. Nf3 Nc6 3. d4 cxd4 4. Nxd4 g6 5. Nc3 Bg7 6. Be3 Nf6 7. f3 O-O 8.
Qd2 d5 9. O-O-O dxe4 10. Nxc6 Qxd2+ 11. Rxd2 bxc6 12. Nxe4 Nxe4 13. fxe4 Rb8
14. c3 Be6 15. a3 Rb3 16. Bf4 h5 17. Be2 Kh7 18. Rhd1 Bh6 19. Bxh6 Kxh6 20. Rd8
Rxd8 21. Rxd8 Kg5 22. g3 Rb7 23. Rd2 h4 24. Rd8 hxg3 25. hxg3 Bg4 26. Rd2 Bxe2
27. Rxe2 Kg4 28. Re3 Rb5 29. b4 Re5 30. Kd2 f5 31. exf5 Rxe3 32. Kxe3 gxf5 33.
Kf2 e5 34. c4 e4 35. b5 cxb5 36. c5 1/2-1/2